[Event "KEN-ch (Women)"]
[Site "Nairobi"]
[Date "2024.02.17"]
[Round "9"]
[White "Kimani, Wanjiru"]
[Black "Albright, Nicole"]
[Result "0-1"]
[WhiteElo "1403"]
[BlackElo "1431"]
[PlyCount "57"]
[EventDate "2024.02.09"]
[EventType "tourn"]
[EventRounds "11"]
[EventCountry "KEN"]
[SourceTitle "CB08_2024"]
[SourceDate "2024.02.21"]
[SourceVersion "1"]
[SourceVersionDate "2024.02.21"]
[SourceQuality "1"]

1. Nf3 d5 2. g3 Nc6 3. Bg2 e5 4. d3 Bd6 5. Nbd2 Nf6 6. e4 dxe4 7. dxe4 Be6 8. 0-0 h6 9. Qe2 Qd7 10. Rd1 0-0 11. Nb3 Qe7 12. Nh4 Bg4 13. f3 Be6 14. Bf1 g5 15. Nf5 Bxf5 16. exf5 Bc5+ 17. Be3 Bxe3+ 18. Qxe3 e4 19. Bb5 exf3 20. Qxf3 Nb8 21. Re1 Qb4 22. Bd3 Re8 23. Re2 Nbd7 24. Rxe8+ Rxe8 25. a3 Qb6+ 26. Kg2 Ne5 27. Qf1 Qc6+ 28. Kh3 g4+ 29. Kh4 0-1

[Event "KEN-ch (Women)"]
[Site "Nairobi"]
[Date "2024.02.10"]
[Round "2"]
[White "Karanja, Ether"]
[Black "Albright, Nicole"]
[Result "0-1"]
[WhiteElo "1354"]
[BlackElo "1431"]
[PlyCount "120"]
[EventDate "2024.02.09"]
[EventType "tourn"]
[EventRounds "11"]
[EventCountry "KEN"]
[SourceTitle "CB08_2024"]
[SourceDate "2024.02.21"]
[SourceVersion "1"]
[SourceVersionDate "2024.02.21"]
[SourceQuality "1"]

1. d4 Nf6 2. Bf4 c5 3. e3 Qb6 4. Nc3 a6 5. Rb1 cxd4 6. exd4 d5 7. Bd3 Nc6 8. Be3 Bd7 9. Nf3 e6 10. a3 Be7 11. Ne2 Rc8 12. c3 0-0 13. Ng3 Qc7 14. Bg5 e5 15. Bxf6 Bxf6 16. dxe5 Nxe5 17. Nxe5 Qxe5+ 18. Qe2 Qg5 19. 0-0 Rfe8 20. Qh5 h6 21. Qxg5 Bxg5 22. Rfe1 Bd2 23. Re2 Rxe2 24. Bxe2 Bg5 25. Rd1 Be6 26. Bf3 Rd8 27. Ne2 Kf8 28. Nd4 Ke7 29. Nxe6 fxe6 30. Kf1 b6 31. Ke2 a5 32. g3 Bf6 33. Ke3 Kd6 34. h4 Kc5 35. Be2 e5 36. b4+ axb4 37. axb4+ Kc6 38. c4 d4+ 39. Ke4 Ra8 40. f4 exf4 41. Kxf4 Ra3 42. Bf3+ Kd6 43. Re1 g5+ 44. hxg5 Bxg5+ 45. Kg4 d3 46. b5 d2 47. Rd1 Rc3 48. Bd5 Kc5 49. Kh3 Rc1 50. Bf3 Kxc4 51. Be2+ Kc5 52. Kg2 Rxd1 53. Bxd1 Kxb5 54. g4 Kb4 55. Kf2 b5 56. Ke2 Kc3 57. Kf3 b4 58. Ke2 b3 59. Bxb3 Kxb3 60. Kd1 Kb2 0-1

[Event "KEN-ch (Women)"]
[Site "Nairobi"]
[Date "2024.02.09"]
[Round "1"]
[White "Albright, Nicole"]
[Black "Ingado, Mercy"]
[Result "1-0"]
[WhiteElo "1431"]
[BlackElo "1292"]
[PlyCount "41"]
[EventDate "2024.02.09"]
[EventType "tourn"]
[EventRounds "11"]
[EventCountry "KEN"]
[SourceTitle "CB08_2024"]
[SourceDate "2024.02.21"]
[SourceVersion "1"]
[SourceVersionDate "2024.02.21"]
[SourceQuality "1"]

1. e4 c5 2. Nf3 d6 3. d4 cxd4 4. Nxd4 Nf6 5. Nc3 g6 6. Be3 Bg7 7. Qd2 0-0 8. 0-0-0 b6 9. f3 Nfd7 10. Bh6 Nc5 11. Bxg7 Kxg7 12. h4 h5 13. Be2 Bb7 14. g4 hxg4 15. h5 Rh8 16. hxg6 Kxg6 17. Qf4 f6 18. Qxg4+ Kf7 19. Rdg1 Rxh1 20. Qg6+ Kf8 21. Qg8# 1-0